00921nam a22001691a 45000010005000000030004000050050017000090080041000261000047000672450381001142640029004955020058005246500051005827000041006337000046006747000031007204549OSt20260204211937.0050825s2003||||dr ||||||b||||||||||spa||1 aAlvarez Then, Ramona Mercedesesustentante aNivel de desempeño de los maestros en la aplicación de métodos y técnicas en la enseñanza del área de ciencias de la naturaleza en el liceo Francisco Henríquez y Carvajal (Matutino) distrito educativo 16-01 de Cotuí, zona urbana, año esolar 2002-2003 / Ramona Mercedes Alvarez Then, Genara Báez Aquino, Leonor Custodio Sánchez. ; asesor Mercedes Soriano aSanto Domingo : El Autor aTesis (Educación, Mención Biología y Química) 4aDesempeño de los maestros en la aplicación1 aBáez Aquino, Genara esustentante 1 a Custodio Sánchez, Leonoresustentante1 a Soriano, Mercedeseasesor